[Event "8th Amplico AIG Life Rapid"]
[Site "Warsaw POL"]
[Date "2008.12.21"]
[Round "13"]
[White "Butkiewicz,L"]
[Black "Akesson,R"]
[Result "0-1"]
[WhiteElo "2328"]
[BlackElo "2484"]

1.e4 c5 2.Nf3 e6 3.d4 cxd4 4.Nxd4 Nc6 5.Nc3 Qc7 6.Be3 a6 7.Be2 Nf6 8.a3 d6
9.O-O Be7 10.f4 O-O 11.Kh1 Bd7 12.Qe1 Nxd4 13.Bxd4 Bc6 14.Bd3 Nd7 15.Nd5 exd5
16.exd5 Bf6 17.Bxf6 Nxf6 18.dxc6 Qxc6 19.Qh4 Rfe8 20.Rf3 Re6 21.Rh3 h6 22.Rf1 Rae8
23.Rhf3 Qc5 24.h3 d5 25.f5 Re5 26.Qb4 Qc7 27.Qd4 R8e7 28.b3 a5 29.a4 b6 30.Kg1 Qc5
31.Rf4 Kf8 32.Qxc5 bxc5 33.c3 Re3 34.R4f3 Ke8 35.Kf2 Rxf3+ 36.Kxf3 Kd7 37.Kf2 Kd6
38.Rd1 Ne4+ 39.Bxe4 Rxe4 40.Kf3 Ke5 41.g4 h5 42.Rc1 h4 43.Rc2 Rf4+ 44.Ke3 Rf1
45.Re2 Rh1 46.Kd2+ Kf6 47.Re3 Rh2+ 48.Kc1 Rg2 49.Re8 Rg3 50.Ra8 Rxc3+ 51.Kb2 Rxh3
52.Rxa5 c4 53.Rxd5 Rxb3+ 54.Kc2 h3 55.Rd1 Ra3 56.Kb2 Rxa4 57.Rh1 c3+ 58.Kxc3 Rxg4  0-1

[Event "8th Amplico AIG Life Rapid"]
[Site "Warsaw POL"]
[Date "2008.12.21"]
[Round "13"]
[White "Jakubowski,K"]
[Black "Mastrovasilis,D"]
[Result "0-1"]
[WhiteElo "2507"]
[BlackElo "2572"]

1.e4 c5 2.Nf3 e6 3.d4 cxd4 4.Nxd4 Nc6 5.Nc3 Qc7 6.Be2 a6 7.O-O Nf6 8.Kh1 Nxd4
9.Qxd4 Bc5 10.Qd3 b5 11.Bg5 Bb7 12.a3 h5 13.Bh4 Ng4 14.Bg3 Ne5 15.Bxe5 Qxe5
16.Rad1 Qc7 17.f4 h4 18.h3 Rd8 19.e5 Be7 20.Bf3 d5 21.f5 Qxe5 22.Rde1 Qxf5
23.Qd4 O-O 24.Qb6 Rb8 25.Bg4 Qg5 26.Qa7 Bf6 27.Ne2 Bxb2 28.Ng1 d4 29.Rxf7 Kxf7
30.Nf3 Qf4 31.Qc5 Bd5 32.Ne5+ Kg8 33.Qe7 Bxg2+  0-1

[Event "Masters"]
[Site "Berkeley USA"]
[Date "2008.12.23"]
[Round "10"]
[White "Pruess,D"]
[Black "Krush,I"]
[Result "1-0"]
[WhiteElo "2422"]
[BlackElo "2452"]

1.e4 c5 2.Nf3 e6 3.d4 cxd4 4.Nxd4 Nc6 5.Nc3 d6 6.Be3 Nf6 7.f4 e5 8.Nf3 Be7
9.f5 a6 10.Nd5 Nxd5 11.Qxd5 Qc7 12.c4 Nb4 13.Qd2 d5 14.cxd5 Nc2+ 15.Kf2 Nxe3
16.Kxe3 Qb6+ 17.Ke2 f6 18.Ne1 Bd7 19.Rc1 g6 20.g4 Kf7 21.Kf3 Kg7 22.h4 h5
23.Bh3 hxg4+ 24.Bxg4 gxf5 25.Bxf5 Bxf5 26.exf5 Kf7 27.Ng2 Rh5 28.Qd3 Bd6
29.Qe4 Rg8 30.Nf4  1-0

[Event "Open A"]
[Site "Groningen NED"]
[Date "2008.12.23"]
[Round "3"]
[White "Hoeksema,E"]
[Black "Rotstein,A"]
[Result "0-1"]
[WhiteElo "2323"]
[BlackElo "2496"]

1.e4 c5 2.Nf3 e6 3.d4 cxd4 4.Nxd4 Nc6 5.Nc3 Qc7 6.Be3 a6 7.Qd2 Nf6 8.O-O-O Be7
9.f3 O-O 10.g4 b5 11.g5 Ne8 12.h4 Ne5 13.Kb1 Bb7 14.Qf2 Rc8 15.Nb3 f5 16.Bb6 Qb8
17.Ba7 Qa8 18.Bd4 Bd6 19.Nc5 fxe4 20.N3xe4 Bxc5 21.Nxc5 Bxf3  0-1

[Event "Open A"]
[Site "Groningen NED"]
[Date "2008.12.23"]
[Round "3"]
[White "Nijboer,F"]
[Black "Swinkels,R"]
[Result "0-1"]
[WhiteElo "2540"]
[BlackElo "2451"]

1.e4 c5 2.Nf3 e6 3.Nc3 Nc6 4.d4 cxd4 5.Nxd4 Qc7 6.Be3 a6 7.Qd2 Nf6 8.O-O-O Bb4
9.f3 O-O 10.g4 b5 11.g5 Ne8 12.Nxc6 dxc6 13.Qf2 f6 14.h4 e5 15.Bc5 Bxc5 16.Qxc5 Be6
17.Nd5  0-1

[Event "Open A"]
[Site "Groningen NED"]
[Date "2008.12.23"]
[Round "3"]
[White "Kuling,L"]
[Black "Spoelman,W"]
[Result "0-1"]
[WhiteElo "2195"]
[BlackElo "2459"]

1.e4 c5 2.Nf3 e6 3.d4 cxd4 4.Nxd4 Nc6 5.Nc3 Qc7 6.Be3 a6 7.Bd3 b5 8.Nxc6 Qxc6
9.O-O Bb7 10.f3 Bc5 11.Qe1 Ne7 12.a4 b4 13.Na2 d6 14.c3 bxc3 15.Nxc3 O-O
16.Kh1 Rab8 17.Qe2 Rfc8 18.Bxc5 Qxc5 19.Bxa6 Bxa6 20.Qxa6 Rxb2 21.Nb5 h6
22.Rg1 d5 23.Qa7 Qxa7 24.Nxa7 Ra8 25.Nb5 Rb4 26.Nc7 Raxa4 27.exd5 exd5 28.Rae1 Nf5
29.Nxd5 Ng3+ 30.hxg3 Rh4+ 31.gxh4 Rxh4+  0-1

[Event "Open A"]
[Site "Groningen NED"]
[Date "2008.12.24"]
[Round "4"]
[White "Tan,Mat"]
[Black "Padurariu,I"]
[Result "1-0"]
[WhiteElo "2321"]
[BlackElo "2179"]

1.e4 c5 2.Nf3 e6 3.d4 cxd4 4.Nxd4 Nc6 5.Nc3 Qc7 6.Be3 a6 7.Qd2 Nf6 8.O-O-O Bb4
9.f3 Ne5 10.Nb3 b5 11.Qe1 Be7 12.f4 Nc4 13.e5 Ng4 14.Bd4 f5 15.h3 Nh6 16.g4 Bb7
17.Rg1 Rc8 18.Bd3 g6 19.Qe2 Rf8 20.Rdf1 Bb4 21.Nd1 a5 22.c3 Be7 23.Nd2 Bd5
24.Bxc4 Bxc4 25.Nxc4 bxc4 26.Ne3 Qc6 27.Qc2 Kf7 28.h4 fxg4 29.h5 Nf5 30.Rxg4 Rg8
31.Rfg1 Qf3 32.hxg6+ hxg6 33.Nf1 Rg7 34.Nd2 Qd5 35.Ne4 Rh8 36.Qg2 Kf8 37.Rd1 Qc6
38.Bf2 Kf7 39.Ng5+ Bxg5 40.Qxc6 Bxf4+ 41.Rxf4 dxc6 42.Rxc4 Ne7 43.Bc5 Nd5
44.Ra4 Ra8 45.Rf1+ Kg8 46.c4 Ne7 47.b4 g5 48.Rxa5 Rb8 49.Ra7 Nf5 50.Rxg7+ Kxg7
51.Rg1 Kg6 52.a4 Ra8 53.a5 Nh4 54.Rg3 Kf5 55.Ra3 g4 56.a6 g3 57.a7 g2 58.Bg1 Ke4
59.b5 cxb5 60.cxb5 Nf3 61.Rxf3 Kxf3 62.b6 Rh8 63.Kb2  1-0

[Event "Open"]
[Site "Pamplona ESP"]
[Date "2008.12.24"]
[Round "4"]
[White "Larino Nieto,D"]
[Black "Ugalde Ezcurra,J"]
[Result "1-0"]
[WhiteElo "2469"]
[BlackElo "2158"]

1.e4 c5 2.Nf3 e6 3.d4 cxd4 4.Nxd4 Nc6 5.Nc3 a6 6.Be2 Qc7 7.O-O Nf6 8.Be3 Bb4
9.Nxc6 bxc6 10.Qd4 Bd6 11.g3 O-O 12.f4 e5 13.Qd3 Re8 14.f5 Be7 15.g4 d5 16.exd5 cxd5
17.g5 d4 18.gxf6  1-0

[Event "1st Asian Clubs"]
[Site "Al Ain UAE"]
[Date "2008.12.26"]
[Round "2"]
[White "Djuraev,S"]
[Black "Mohammad,Sam"]
[Result "1/2-1/2"]
[WhiteElo "2339"]
[BlackElo "2391"]

1.e4 c5 2.Ne2 Nc6 3.Nbc3 e6 4.d4 cxd4 5.Nxd4 Qc7 6.Be2 a6 7.O-O Nf6 8.Be3 Bb4
9.f3 O-O 10.Kh1 b5 11.a4 bxa4 12.Nxc6 Qxc6 13.Bd4 a3 14.Na2 Be7 15.bxa3 Bxa3
16.c4 Be7 17.e5 Ne8 18.Bd3 Rb8 19.Qc2 g6 20.Ba7 Rb7 21.Be4 Qc7 22.Bxb7 Bxb7
23.Bd4 Ng7 24.Qd3 Nf5 25.Rab1 Rc8 26.Bf2 h5 27.Rfd1 Bc6 28.Re1 h4 29.Bb6 Qb8
30.Bd8 Qa8 31.Bxe7 Nxe7 32.h3 Nf5 33.Nc3 Qa7 34.Kh2 Qc5 35.Rb2 Kg7 36.Nd1 Ba4
37.Nc3 Bc6 38.Nd1 Ba4 39.Nf2 Qxc4 40.Qxc4 Rxc4 41.Re4 Rxe4 42.Nxe4 Bc6 43.Nc5 f6
44.Nxd7 Bxd7 45.Rb7 fxe5 46.Rxd7+ Kf6 47.Ra7 e4 48.fxe4 Ng3 49.Rxa6 Nxe4
50.Kg1 Kf5 51.Kf1 e5 52.Ke2 Nc3+ 53.Kf2 g5 54.Ra3 Ne4+ 55.Ke3 Nf6 56.Ra1 Nd5+
57.Kf2 e4 58.g3 e3+ 59.Kf3 hxg3 60.Rg1 Nf4 61.Rxg3 Nxh3 62.Kxe3 Nf4 63.Rg1 Nd5+
64.Kf3 Nf6 65.Ra1 g4+ 66.Kg3 Ne4+ 67.Kh4 Nd2 68.Ra5+ Kf4 69.Ra4+ Ne4 70.Ra8 Ng3
71.Ra4+ Ne4 72.Rb4 g3 73.Kh3 Kf3  1/2-1/2

[Event "Open A"]
[Site "Groningen NED"]
[Date "2008.12.26"]
[Round "5"]
[White "Van den Doel,E"]
[Black "Rotstein,A"]
[Result "1/2-1/2"]
[WhiteElo "2570"]
[BlackElo "2496"]

1.e4 c5 2.Nf3 e6 3.d4 cxd4 4.Nxd4 Nc6 5.Nc3 Qc7 6.Be2 a6 7.O-O Nf6 8.Be3 Be7
9.f4 d6 10.Qe1 O-O 11.Qg3 Nxd4 12.Bxd4 b5 13.a3 Bb7 14.Kh1 Rad8 15.Rae1 Rfe8
16.Bd3 Rd7 17.Nd1 g6 18.Bc3 Qd8 19.Nf2 Bf8 20.e5 Nh5 21.Qg4 f5 22.exf6 Nxf6
23.Bxf6 Qxf6 24.c3 Bg7 25.Nh3 Rde7 26.Ng5 Bd5 27.Ne4 Bxe4 28.Rxe4 Qf5 29.Qe2 Qc5
30.a4 d5 31.Rb4 e5 32.fxe5 Rxe5 33.Qf3 Rf8 34.Rf4 bxa4 35.Rxf8+ Qxf8 36.Qd1 Qb8
37.Qxa4 Qxb2 38.Qxa6 Qb8 39.Qc6 Qe8 40.Qxe8+ Rxe8 41.c4 Re3 42.Rf3 Rxf3  1/2-1/2

[Event "46th ch-IND National A"]
[Site "Mangalore IND"]
[Date "2008.12.26"]
[Round "9"]
[White "Akshayraj,K"]
[Black "Satyapragyan,S"]
[Result "1-0"]
[WhiteElo "2400"]
[BlackElo "2417"]

1.e4 c5 2.Nf3 Nc6 3.d4 cxd4 4.Nxd4 e6 5.Nc3 d6 6.Be3 Nf6 7.f3 Be7 8.Qd2 O-O
9.g4 a6 10.O-O-O Nxd4 11.Bxd4 Nd7 12.h4 b5 13.g5 Bb7 14.a3 Ne5 15.Qf2 Qb8
16.f4 Nc6 17.Bxg7 Kxg7 18.f5 Kg8 19.f6 Bd8 20.h5 Qa7 21.Qf4 Qc5 22.Rd5 exd5
23.g6 Bb6 24.Rh3 fxg6 25.hxg6 Qf2 26.Qh6 Qxf1+ 27.Nd1 Rf7 28.gxf7+ Kxf7 29.Qg7+ Ke6
30.Qg4+ Kxf6 31.Rh6+ Ke7 32.Rxh7+  1-0

[Event "1st Asian Clubs"]
[Site "Al Ain UAE"]
[Date "2008.12.27"]
[Round "3"]
[White "Waqar,A"]
[Black "Somoff,A"]
[Result "1-0"]
[WhiteElo "2051"]
[BlackElo "2282"]

1.e4 c5 2.Nf3 e6 3.d4 cxd4 4.Nxd4 Nc6 5.Nc3 Qc7 6.Be2 a6 7.O-O b5 8.a3 Bb7
9.Be3 Nf6 10.Qd2 Rc8 11.f4 d6 12.Rac1 Be7 13.Bd3 O-O 14.h3 Na5 15.f5 e5 16.Nf3 Nc4
17.Bxc4 Qxc4 18.Bg5 Bxe4 19.Bxf6 gxf6 20.Nh2 Kh8 21.Qe3 Bb7 22.Ng4 Qc5 23.Rfd1 h5
24.Qxc5 Rxc5 25.Ne3 Rfc8 26.Ned5 Bxd5 27.Nxd5 Bf8 28.c3 Bg7 29.Rc2 Rd8 30.Re2 a5
31.Re4 Rc4 32.Rxc4 bxc4 33.Nb6 Bf8 34.Rd5 Rb8 35.Nxc4 a4 36.Kf1 Kh7 37.Ke2 h4
38.Kf3 Be7 39.Ra5 Bd8 40.Rxa4 d5 41.Ne3 e4+ 42.Kg4 Rxb2 43.Nxd5 Rxg2+ 44.Kxh4 Rd2
45.c4 Rb2 46.Ra8 Bb6 47.Nxf6+ Kg7 48.Nxe4 Re2 49.f6+ Kh7 50.Re8 Ra2 51.c5 Ba5
52.Kh5 Bd2 53.c6 Rc2 54.Nxd2 Rc5+ 55.Kg4 Rxc6 56.Ne4 Kg6 57.Rg8+ Kh6 58.Ra8 Kg6
59.a4 Rc1 60.a5 Re1 61.Kf4 Rf1+ 62.Ke5 Rf5+ 63.Kd4 Rf3 64.Rg8+ Kh6 65.a6 Ra3
66.Nc5 Kh7 67.Rg7+ Kh8 68.Rxf7  1-0

[Event "17th Donau Open"]
[Site "Aschach AUT"]
[Date "2008.12.27"]
[Round "2"]
[White "Schreiner,Pe"]
[Black "Jurek,J"]
[Result "1/2-1/2"]
[WhiteElo "2143"]
[BlackElo "2354"]

1.e4 c5 2.Nf3 Nc6 3.Nc3 e6 4.d4 cxd4 5.Nxd4 Qc7 6.Be2 Nf6 7.O-O a6 8.Be3 Be7
9.f4 d6 10.a4 O-O 11.Bf3 Rd8 12.Qe1 Bd7 13.Nb3 Be8 14.a5 Nd7 15.Na4 Nc5 16.Naxc5 dxc5
17.Qc3 Rac8 18.Rfd1 Nd4 19.Nxd4 cxd4 20.Qxc7 Rxc7 21.Rxd4 Rxc2 22.Rxd8 Bxd8
23.Bd4 Bc6 24.Bc3 Be7 25.Rd1 Kf8 26.h3 Bc5+ 27.Kh1 h5 28.Bxh5 Bxe4 29.Rd2 Rxd2
30.Bxd2 Bd4 31.Bc3 Be3 32.Be5 g6 33.Bd1 Ke7 34.Ba4 Bd2 35.Bc7 Bc6 36.Bxc6 bxc6
37.g4 Kd7 38.Be5 Bxa5 39.h4 Ke7 40.h5 gxh5 41.gxh5 f6 42.h6 Kf7 43.h7 Kg7
44.Bxf6+ Kxh7 45.Be5 Kg6 46.Kg2 Kf5 47.Kf3 Bd2 48.b3 Bc1 49.Bd6 Bb2 50.Bc5 Bc3
51.Bd6 Bd4 52.Bc7 c5 53.Bb6 e5 54.fxe5 Kxe5 55.Ke2 Kd5 56.Kd3 Kc6 57.Bd8 Kb5
58.Kc2 Kb4 59.Be7 a5 60.Bd8 Bf2 61.Bc7  1/2-1/2

[Event "Open A"]
[Site "Groningen NED"]
[Date "2008.12.27"]
[Round "6"]
[White "Van Kampen,R"]
[Black "Padurariu,I"]
[Result "1-0"]
[WhiteElo "2307"]
[BlackElo "2179"]

1.e4 c5 2.Nf3 e6 3.d4 cxd4 4.Nxd4 Nc6 5.Nc3 Qc7 6.Be3 a6 7.Qd2 b5 8.O-O-O Bb4
9.Nxc6 Qxc6 10.Bd4 f6 11.e5 f5 12.Qg5 Bf8 13.Be2 Bb7 14.Bf3 Qc7 15.Bxb7 Qxb7
16.Kb1 Rc8 17.g4 b4 18.Na4 Qe4 19.Nb6 Rxc2 20.f3 Qe2 21.gxf5 Ne7 22.fxe6 dxe6
23.Qg4 Nf5 24.Rhe1 Qxh2 25.Qe4 Rd2 26.Nc4 Rxd1+ 27.Rxd1 Kf7 28.Bg1 Qg3 29.Qb7+ Kg6
30.Qc6 Kh5 31.Qxe6 Qxf3 32.Re1 Be7 33.Ka1 Rd8 34.Qf7+ Kh6 35.Ne3 Nd4 36.Qxe7 Nc2+
37.Kb1 Nxe1 38.Qxd8 Qh1 39.Nf5+ Kg6 40.Nh4+ Kh5 41.Qd1+ Kxh4 42.Qxe1+ Kh5
43.e6  1-0

[Event "46th ch-IND National A"]
[Site "Mangalore IND"]
[Date "2008.12.27"]
[Round "10"]
[White "Adhiban,B"]
[Black "Negi,P"]
[Result "0-1"]
[WhiteElo "2439"]
[BlackElo "2597"]

1.e4 c5 2.Nf3 e6 3.d4 cxd4 4.Nxd4 Nc6 5.Nc3 Qc7 6.Be2 a6 7.O-O Nf6 8.Be3 Be7
9.f4 d6 10.a4 O-O 11.Kh1 Re8 12.Bg1 Rb8 13.Qd3 e5 14.fxe5 dxe5 15.Nf5 Bxf5
16.Rxf5 Nb4 17.Qg3 Rbd8 18.Raf1 Kh8 19.Rxe5 Bd6 20.Rxe8+ Rxe8 21.Qh4 Be5
22.Bd3 Bxc3 23.bxc3 Nxd3 24.cxd3 Qxc3 25.Rf3 Qa1 26.Qg5 Rc8 27.Rg3 Nh5 28.Rh3 g6
29.Rf3 Rc1 30.Qe3 Kg8 31.d4 b5 32.axb5 axb5 33.g4 b4 34.Kg2 Rc3 35.Qf2 b3
36.Rxf7 Rc2 37.Rf8+ Kg7 38.Rf7+ Kh6 39.Qxc2 Nf4+ 40.Kg3 Qxg1+ 41.Kxf4 bxc2  0-1

[Event "46th ch-IND National A"]
[Site "Mangalore IND"]
[Date "2008.12.27"]
[Round "10"]
[White "Satyapragyan,S"]
[Black "Deepan,C"]
[Result "1/2-1/2"]
[WhiteElo "2417"]
[BlackElo "2464"]

1.e4 c5 2.Nc3 e6 3.Nf3 Nc6 4.d4 cxd4 5.Nxd4 Qc7 6.f4 d6 7.Be3 Nf6 8.Be2 Be7
9.O-O O-O 10.Kh1 a6 11.Qe1 Nxd4 12.Bxd4 b5 13.a3 Bb7 14.Qg3 Rad8 15.Rae1 Rd7
16.Bd3 Re8 17.Qh3 g6 18.f5 e5 19.Be3 Qd8 20.Bg5 Rc7 21.Qh4 Nh5 22.f6 Bf8
23.Be2 Nf4 24.Bxf4 exf4 25.Qxf4 Rc5 26.Bd3 Rh5 27.Qf3 Rf5 28.Qe3 Rxf6 29.Rxf6 Qxf6
30.Qb6 Re7 31.a4 bxa4 32.Bxa6 Bxa6 33.Nd5 Qh4 34.g3 Rxe4 35.gxh4 Rxe1+ 36.Kg2 Bc4
37.Nf6+ Kg7 38.Qd4 Re2+ 39.Kg3 Rxc2 40.h5 h6 41.Nd7+ Kg8 42.Qe4 Bb5 43.Nxf8 Re2
44.Qd5 Kxf8 45.Qxb5 Re3+ 46.Kf4 Rb3 47.Qxa4 Rxb2 48.Qa8+ Ke7 49.Qe4+ Kf8
50.Qa8+ Ke7 51.Qa7+ Kf8 52.hxg6 fxg6 53.h3 Kg8 54.Qd7 Rf2+ 55.Ke3 Rf6 56.Qe7 Rf7
57.Qxd6 Kh7 58.Ke4 Rf5 59.Qd7+ Kg8 60.Qd8+ Kg7 61.Qc7+ Kg8 62.Qb8+ Kg7 63.Qb2+ Kg8
64.Qb7 h5 65.Qc8+ Kg7 66.Qc3+ Kg8 67.Qb3+ Kg7 68.Qb7+ Kg8  1/2-1/2

[Event "38th Rilton Cup 2008-9"]
[Site "Stockholm SWE"]
[Date "2008.12.27"]
[Round "1"]
[White "Mardell,Ji"]
[Black "Lindberg,Be"]
[Result "0-1"]
[WhiteElo "2184"]
[BlackElo "2406"]

1.e4 c5 2.Nf3 e6 3.Nc3 Nc6 4.d4 cxd4 5.Nxd4 Qc7 6.Be3 a6 7.Bd3 Nf6 8.O-O Ne5
9.Nf3 Neg4 10.Bg5 d6 11.Qe2 Be7 12.Kh1 Bd7 13.Rad1 b5 14.h3 Ne5 15.Nxe5 dxe5
16.f4 h6 17.Bxf6 Bxf6 18.Bxb5 axb5 19.Nxb5 Bxb5 20.Qxb5+ Kf8 21.Rd7 Qa5 22.Qc6 Kg8
23.fxe5 Ra6 24.Qc4 Bxe5 25.Rdxf7 Qxa2 26.Qe2 Kh7 27.g4 Ra7 28.Rxa7 Qxa7 29.g5 g6
30.Qb5 Qc7 31.Rd1 Bg7 32.gxh6 Kxh6 33.Rd7 Qf4 34.Qd3 Be5 35.Qd2 Qxd2 36.Rxd2 Bxb2
37.Kg2 Rc8  0-1

[Event "35th Eastern Open"]
[Site "Washington DC USA"]
[Date "2008.12.27"]
[Round "2"]
[White "Samuelson,A"]
[Black "Hu Zhi Ya"]
[Result "1/2-1/2"]
[WhiteElo "2154"]
[BlackElo "2253"]

1.e4 c5 2.Nf3 e6 3.d4 cxd4 4.Nxd4 Nc6 5.Nc3 Qc7 6.Be3 Nf6 7.Be2 a6 8.O-O Be7
9.f4 d6 10.Bf3 O-O 11.g4 Nxd4 12.Bxd4 e5 13.Be3 exf4 14.Bxf4 Qb6+ 15.Kh1 Qxb2
16.Bd2 Qb6 17.g5 Nd7 18.Nd5 Qd8 19.Bb4 Nc5 20.Qe1 Rb8 21.Qg3 Be6 22.Rad1 Bxd5
23.Rxd5 Qb6 24.Bc3 Ne6 25.Bf6 Rbe8 26.Bxe7 Rxe7 27.Rxd6 Qc5 28.e5 Qxc2 29.Bd5 Qg6
30.h4 h6 31.Rg1 hxg5 32.hxg5 Qh5+ 33.Qh2 Qxh2+ 34.Kxh2 Nf4 35.Bb3 Rxe5 36.Rg4 Re2+
37.Kg3 Ng6 38.Rb4 Rfe8 39.Rxg6 R8e3+ 40.Kf4 Rxb3 41.axb3 fxg6 42.Rxb7 Re6
43.b4 Kh7  1/2-1/2

[Event "1st Asian Clubs"]
[Site "Al Ain UAE"]
[Date "2008.12.28"]
[Round "4"]
[White "Tissir,M"]
[Black "Mohammad,Sam"]
[Result "1-0"]
[WhiteElo "2463"]
[BlackElo "2391"]

1.e4 c5 2.Nf3 e6 3.d4 cxd4 4.Nxd4 Nc6 5.Nc3 Qc7 6.f4 a6 7.Nxc6 Qxc6 8.Bd3 b5
9.Qe2 Bc5 10.Bd2 Bb7 11.O-O-O Ne7 12.a3 O-O-O 13.Kb1 Kb8 14.Rhe1 Ka8 15.g4 d5
16.exd5 exd5 17.f5 Nc8 18.Na2 Nd6 19.Nb4 Qb6 20.Qf1 Nc4 21.Bxc4 bxc4 22.c3 d4
23.Qxc4 a5 24.Re5 dxc3 25.Qxc5 Be4+ 26.Ka2 Rxd2 27.Qxb6  1-0

[Event "Open A"]
[Site "Groningen NED"]
[Date "2008.12.28"]
[Round "7"]
[White "Reinderman,D"]
[Black "Van Oosterom,C"]
[Result "1-0"]
[WhiteElo "2543"]
[BlackElo "2428"]

1.e4 c5 2.Nf3 e6 3.d4 cxd4 4.Nxd4 Nc6 5.Nc3 Qc7 6.Be3 a6 7.Be2 b5 8.Nxc6 Qxc6
9.Bf3 Bb7 10.e5 Qc7 11.O-O Ne7 12.Bc5 Ng6 13.Bxf8 Nxf8 14.Bxb7 Qxb7 15.Qd6 Ng6
16.Rfe1 Qc6 17.Qb4 Qc4 18.Qxc4 bxc4 19.Re4 Rb8 20.Na4 Ke7 21.f4 Rhc8 22.Rd1 Rb5
23.Rdd4 Rb4 24.b3 cxb3 25.cxb3 Rc1+ 26.Kf2 Rc2+ 27.Kg3 Rxd4 28.Rxd4 Rxa2
29.Nc5 Rc2 30.Rxd7+ Ke8 31.Rc7 Rc3+ 32.Kg4 h5+ 33.Kg5 Rc2 34.g3 Rxh2 35.Nxe6 h4
36.Nxg7+ Kd8 37.Rc3 h3 38.Rd3+ Kc8 39.e6 Rh1 40.exf7 Nf8 41.g4 h2 42.Rd2 a5
43.f5 Nh7+ 44.Kh6 Nf8 45.Ne6  1-0

[Event "Masters"]
[Site "Hastings ENG"]
[Date "2008.12.28"]
[Round "1"]
[White "Bernard,Ja"]
[Black "Bernal Moro,L"]
[Result "0-1"]
[WhiteElo "2257"]
[BlackElo "2451"]

1.e4 c5 2.Nf3 e6 3.d4 cxd4 4.Nxd4 Nc6 5.Nc3 Qc7 6.Ndb5 Qb8 7.Be3 a6 8.Bb6 axb5
9.Nxb5 Bb4+ 10.c3 Ba5 11.Nc7+ Qxc7 12.Bxc7 Bxc7 13.Qg4 Be5 14.f4 Nf6 15.Qf3 Bc7
16.Bd3 e5 17.f5 O-O 18.O-O Ne7 19.g4 d5 20.g5 Nxe4 21.f6 Ng6 22.Bxe4 dxe4
23.Qxe4 Nf4 24.h4 Ra6 25.fxg7 Kxg7 26.a4 h6 27.Rf3 hxg5 28.hxg5 Rg6 29.Rg3 Rh8
30.a5 Nh3+ 31.Kf1 Nxg5 32.Qd5 Bb8 33.Ra4 Be6 34.Qxb7 e4 35.Rg1 Rh2 36.Rxg5 Rxg5
37.Qb6 Bh3+ 38.Ke1 Rgg2 39.Qd4+ f6  0-1

[Event "38th Rilton Cup 2008-9"]
[Site "Stockholm SWE"]
[Date "2008.12.28"]
[Round "2"]
[White "Lindberg,Be"]
[Black "Ivanov,Sergey1"]
[Result "0-1"]
[WhiteElo "2406"]
[BlackElo "2547"]

1.e4 c5 2.Nf3 e6 3.d4 cxd4 4.Nxd4 Nc6 5.Nc3 Qc7 6.Be3 Nf6 7.Qd2 Bb4 8.f3 Nxd4
9.Qxd4 Bxc3+ 10.Qxc3 Qxc3+ 11.bxc3 d6 12.O-O-O Ke7 13.g4 e5 14.g5 Nh5 15.Bc4 Be6
16.Bd5 Bxd5 17.Rxd5 Rhc8 18.Kd2 b6 19.a4 Rc4 20.a5 Rac8 21.axb6 axb6 22.Rd3 Ke6
23.Rb1 R8c6 24.Rxb6 Rxb6 25.Bxb6 Nf4 26.Re3 Nh3 27.Re1 Nxg5 28.Rf1 f5 29.Be3 f4
30.Bb6 Rc6 31.Bd8 Nh3 32.Rb1 Rc8 33.Ba5 g5 34.Rb7 Ng1 35.Rxh7 Nxf3+ 36.Ke2 g4
37.Rh6+ Kf7 38.Rh7+ Kg6 39.Rd7 Rh8 40.Rxd6+ Kf7 41.Rd7+ Ke6  0-1

[Event "Open A"]
[Site "Gjovik NOR"]
[Date "2008.12.29"]
[Round "1"]
[White "Korneev,O"]
[Black "Getz,N"]
[Result "1-0"]
[WhiteElo "2623"]
[BlackElo "2176"]

1.e4 c5 2.Nf3 e6 3.d4 cxd4 4.Nxd4 Nc6 5.Nc3 Qc7 6.Be3 a6 7.Qd2 Nf6 8.O-O-O Bb4
9.f3 Ne5 10.Nb3 O-O 11.Bd4 Be7 12.f4 Nc4 13.Bxc4 Qxc4 14.g4 b5 15.e5 Nxg4
16.Rdg1 Nh6 17.Nd1 Qa4 18.Ne3 Qxa2 19.f5 Nxf5 20.Nxf5 exf5 21.Rxg7+ Kxg7
22.Qg2+  1-0

[Event "Open A"]
[Site "Groningen NED"]
[Date "2008.12.29"]
[Round "8"]
[White "Nijboer,F"]
[Black "Giri,A"]
[Result "0-1"]
[WhiteElo "2540"]
[BlackElo "2466"]

1.e4 c5 2.Nf3 e6 3.Nc3 Nc6 4.d4 cxd4 5.Nxd4 Qc7 6.Be3 a6 7.Qd2 Nf6 8.O-O-O Be7
9.f3 O-O 10.g4 b5 11.g5 Ne8 12.Nxc6 dxc6 13.h4 e5 14.h5 Be6 15.Qh2 Bb4 16.a3 Bd6
17.g6 h6 18.Bh3 Qe7 19.Rhg1 Bc5 20.Bxc5 Qxc5 21.Bxe6 fxe6 22.Rd3 a5 23.Rgd1 b4
24.Ne2 bxa3 25.Rxa3 a4 26.Qg1 Qb4 27.Qe1 Qe7 28.Qc3 Qg5+ 29.Kb1 Nf6 30.Qxc6 Rae8
31.Rxa4 Nxh5 32.Ra7 Qxg6 33.Rh1 Qg2 34.Rxh5 Qxe2 35.Qd7 Qg2 36.Rxh6 Qg1+
37.Ka2 Qxa7+  0-1

[Event "Masters"]
[Site "Hastings ENG"]
[Date "2008.12.29"]
[Round "2"]
[White "Haslinger,S"]
[Black "Grant,A"]
[Result "1-0"]
[WhiteElo "2506"]
[BlackElo "2192"]

1.e4 c5 2.Nf3 e6 3.d4 cxd4 4.Nxd4 Nc6 5.Nc3 Qc7 6.Be3 a6 7.Qd2 Nf6 8.O-O-O Bb4
9.f3 O-O 10.g4 b5 11.Kb1 Bb7 12.g5 Ne8 13.a3 Be7 14.Bf4 Ne5 15.Bxb5 axb5
16.Ndxb5 Qb8 17.Bxe5 Qxe5 18.Qxd7 Ba6 19.Qxe7 Bxb5 20.Rd5 Qc7 21.Qxc7 Nxc7
22.Rc5  1-0

[Event "Masters"]
[Site "Hastings ENG"]
[Date "2008.12.29"]
[Round "2"]
[White "Gormally,D"]
[Black "Hendriks,W"]
[Result "1-0"]
[WhiteElo "2514"]
[BlackElo "2447"]

1.Nf3 c5 2.e4 e6 3.Nc3 Nc6 4.d4 cxd4 5.Nxd4 Qc7 6.Be3 a6 7.Bd3 b5 8.Nxc6 Qxc6
9.O-O Bb7 10.f3 Bc5 11.Qe1 Ne7 12.a4 b4 13.Na2 Qb6 14.Bxc5 Qxc5+ 15.Qf2 Qxf2+
16.Kxf2 Nc6 17.Rfc1 Ke7 18.b3 Rhc8 19.c3 bxc3 20.Rxc3 a5 21.Rac1 Nd4 22.Rxc8 e5
23.Ke3 Bxc8 24.b4 axb4 25.Nxb4 Bb7 26.Rc7 Bc6 27.Nxc6+ Nxc6 28.Bb5 Ra7 29.Rxa7 Nxa7
30.Kd3 Kd6 31.Kc4 f6  1-0

[Event "1st Asian Clubs"]
[Site "Al Ain UAE"]
[Date "2008.12.30"]
[Round "6"]
[White "Mehdi,S"]
[Black "Mohammad,Sam"]
[Result "0-1"]
[WhiteElo "2153"]
[BlackElo "2391"]

1.e4 c5 2.Nf3 e6 3.d4 cxd4 4.Nxd4 Nc6 5.Nc3 Qc7 6.Be3 a6 7.f4 b5 8.Nxc6 Qxc6
9.Bd3 Bb7 10.Qf3 Nf6 11.O-O-O b4 12.Ne2 Nxe4 13.Nd4 Qd5 14.f5 Nc5 15.fxe6 dxe6
16.Qe2 Nxd3+ 17.Qxd3 Be7 18.Nf5 Qxd3 19.Nxg7+ Kf8 20.Rxd3 h5 21.Rf1 Bd5 22.Bd4 Rh7
23.Rg3 Rc8 24.Rf6 Rc4 25.Be5 Re4 26.Nf5 Bxf6 27.Bxf6 exf5  0-1

[Event "Open A"]
[Site "Groningen NED"]
[Date "2008.12.30"]
[Round "9"]
[White "Reinderman,D"]
[Black "Swinkels,R"]
[Result "0-1"]
[WhiteElo "2543"]
[BlackElo "2451"]

1.e4 c5 2.Nf3 e6 3.d4 cxd4 4.Nxd4 Nc6 5.Nc3 Qc7 6.Be3 a6 7.Be2 Nf6 8.a3 Bd6
9.g3 Nxd4 10.Bxd4 b5 11.O-O Bb7 12.Qd3 e5 13.Be3 h6 14.Rfd1 Bc5 15.Bxc5 Qxc5
16.b4 Qc7 17.a4 Rc8 18.Nd5 Bxd5 19.exd5 Qxc2 20.axb5 Qxd3 21.Bxd3 axb5 22.Bxb5 Ke7
23.d6+ Ke6 24.f4 e4 25.Ra5 Ng4 26.Ra7 Nf6 27.Bf1 h5 28.Bh3+ Ng4 29.f5+ Kf6
30.Rxd7 Rc2 31.Re7 Nf2 32.Rd4 Nxh3+ 33.Kf1 Ra8 34.Rd1 Raa2 35.Rxe4 Rxh2  0-1

[Event "17th Donau Open"]
[Site "Aschach AUT"]
[Date "2008.12.31"]
[Round "7"]
[White "Wiesinger,R"]
[Black "Sakelsek,T"]
[Result "1/2-1/2"]
[WhiteElo "2237"]
[BlackElo "2403"]

1.e4 c5 2.Nf3 e6 3.d4 cxd4 4.Nxd4 Nc6 5.Nc3 Qc7 6.Be2 a6 7.O-O Nf6 8.Be3 Bb4
9.Na4 Be7 10.Nxc6 bxc6 11.Nb6 Rb8 12.Nxc8 Qxc8 13.Bd4 O-O 14.e5 Nd5 15.c4 Nf4
16.Bg4 Qc7 17.g3 Ng6 18.f4 d6 19.exd6 Bxd6 20.Bc3 Rfd8 21.Qe1 Qb6+ 22.Kg2 Bb4
23.Bxb4 Qxb4 24.Qxb4 Rxb4 25.b3 c5 26.Rfd1 Rbb8 27.Bf3 Kf8 28.Kf2 Ke7 29.Ke2 a5
30.Rd3 e5 31.Re3 f6 32.Bh5 Kf8 33.Bxg6 exf4 34.Re4 hxg6 35.Rxf4 Rb6 36.Re4 a4
37.Re3 Rdb8 38.Rb1 g5 39.Kd2 Kf7 40.Kc3  1/2-1/2

[Event "38th Rilton Cup 2008-9"]
[Site "Stockholm SWE"]
[Date "2008.12.31"]
[Round "5"]
[White "Grandelius,N"]
[Black "Cramling,P"]
[Result "1/2-1/2"]
[WhiteElo "2464"]
[BlackElo "2550"]

1.e4 c5 2.Nf3 e6 3.d4 cxd4 4.Nxd4 Nc6 5.Nc3 Qc7 6.Be3 a6 7.Qd2 Nf6 8.O-O-O Be7
9.f3 h5 10.Kb1 b5 11.Nxc6 dxc6 12.e5 Qxe5 13.Bd4 Qc7 14.Qg5 Rg8 15.Be5 Qa7
16.Qg3 Bd7 17.Bxf6 Bxf6 18.Ne4 Be7 19.Nd6+ Bxd6 20.Rxd6 Qc5 21.Be2 h4 22.Qf4 e5
23.Qd2 Be6 24.b4 Qa7 25.Bd3 a5 26.Be4 axb4 27.Bxc6+ Ke7 28.Rxe6+ fxe6 29.Qxb4+ Kf7
30.Bxa8 Rxa8 31.Qb3 Rd8 32.Re1 Qf2 33.Qc3 Rc8 34.Qxc8 Qxe1+ 35.Kb2 Qb4+ 36.Kc1 Qe1+
37.Kb2 Qb4+ 38.Kc1 Qf4+ 39.Kb2 Qxh2 40.Qd7+ Kf6 41.Qd8+ Kf7 42.Qd7+ Kf6 43.Qd8+ Kg6
44.Qe8+ Kg5 45.Qf7 g6 46.Qxe6 Qxg2 47.Qxe5+ Kh6 48.Qh8+ Kg5 49.Qe5+ Kh6 50.Qh8+  1/2-1/2

[Event "Masters"]
[Site "Hastings ENG"]
[Date "2009.01.01"]
[Round "5"]
[White "Gormally,D"]
[Black "Grant,A"]
[Result "1/2-1/2"]
[WhiteElo "2514"]
[BlackElo "2192"]

1.e4 c5 2.Nf3 e6 3.d4 cxd4 4.Nxd4 Nc6 5.Nc3 Qc7 6.Be3 a6 7.Bd3 Nf6 8.O-O Nxd4
9.Bxd4 Bc5 10.Bxc5 Qxc5 11.Na4 Qc7 12.c4 d6 13.Rc1 O-O 14.c5 Bd7 15.cxd6 Qxd6
16.Nc5 Bc6 17.Qe2 Rac8 18.Rc3 Rfd8 19.Rfc1 Nd7 20.Nxd7 Bxd7 21.e5 Rxc3 22.Rxc3 Qb6
23.Bxh7+ Kxh7 24.Qh5+ Kg8 25.Rh3 Kf8 26.Qg5 Kg8 27.Qh5 Kf8 28.Qg5  1/2-1/2

[Event "Czech Christmas"]
[Site "Litomysl CZE"]
[Date "2009.01.01"]
[Round "8"]
[White "Olsarova,T"]
[Black "Volodin,V"]
[Result "1/2-1/2"]
[WhiteElo "2108"]
[BlackElo "2225"]

1.e4 c5 2.Nf3 Nc6 3.d4 cxd4 4.Nxd4 e6 5.Nc3 Nf6 6.Ndb5 d6 7.Bf4 e5 8.Bg5 a6
9.Na3 b5 10.Nd5 Be7 11.Bxf6 Bxf6 12.c3 Bb7 13.Nc2 Nb8 14.g3 Nd7 15.h4 Nc5
16.Bg2 O-O 17.Nce3 g6 18.Qe2 Bg7 19.h5 Qg5 20.Rd1 Rfd8 21.hxg6 hxg6 22.O-O Rab8
23.f4 exf4 24.gxf4 Qh4 25.f5 Be5  1/2-1/2